National Aquatic Resources Research & Development Agency (NARA)

Sharks and rays listed on CITES: (Record no. 12682)

MARC details
000 -LEADER
fixed length control field 00558nam a22001697a 4500
003 - CONTROL NUMBER IDENTIFIER
control field LK-CoNARA
005 - DATE AND TIME OF LATEST TRANSACTION
control field 20251017152908.0
008 - FIXED-LENGTH DATA ELEMENTS--GENERAL INFORMATION
fixed length control field 251017b |||||||| |||| 00| 0 eng d
040 ## - CATALOGING SOURCE
Transcribing agency NARA
082 ## - DEWEY DECIMAL CLASSIFICATION NUMBER
Classification number 639.231
Item number WIL
245 ## - TITLE STATEMENT
Title Sharks and rays listed on CITES:
Remainder of title convention on international trade in endangered species of wild flora and fauna/ Whole Carcass
260 ## - PUBLISHER, DISTRIBUTION, ETC.
Place of publication, distribution, etc. New York:
Name of publisher, distributor, etc. Wildlife Conservation Society,
Date of publication, distribution, etc. 2024.
300 ## - PHYSICAL DESCRIPTION
Extent 118p.
650 #0 - SUBJECT ADDED ENTRY--TOPICAL TERM
Topical term or geographic name entry element Sharks and Rays
9 (RLIN) 4987
700 ## - ADDED ENTRY--PERSONAL NAME
Personal name Wildlife Conservation Society
9 (RLIN) 21849
942 ## - ADDED ENTRY ELEMENTS (KOHA)
Source of classification or shelving scheme Universal Decimal Classification
Koha item type Reference Book
Holdings
Withdrawn status Lost status Source of classification or shelving scheme Damaged status Not for loan Home library Current library Shelving location Date acquired Inventory number Total Checkouts Barcode Date last seen Copy number Price effective from Koha item type
    Universal Decimal Classification     NARA Main Library NARA Main Library Ready Reference 17.10.2025 05711   05711 17.10.2025 05711 17.10.2025 Reference Book

NARA Library Management System Maintaining by Ceymarc Technologies